Statistics for Taunt - Lovejoy (All Lyrics)

Click here to take the quiz!

General Stats

  • This quiz has been taken 192 times
  • The average score is 208 of 280

Answer Stats

Taunt% Correct
a
98%
I
98%
as
93%
As
93%
You
92%
you
92%
you?
92%
to
90%
To
90%
no
88%
taunt
88%
it
87%
the
87%
then
86%
too
86%
do
85%
in
85%
always
83%
say
83%
took
83%
And
82%
and
82%
Did
81%
did
81%
ever
81%
Oh
79%
that
79%
when
79%
When
79%
don't
77%
your
77%
anybody
76%
I'm
76%
me
76%
one
76%
think
76%
we
76%
school?
75%
thing
75%
Am
73%
nose
73%
Verse 1She's
73%
try
73%
alright?
72%
asking
72%
is
72%
ChorusRemember
72%
up
72%
what
72%
time
71%
back
70%
bridge
70%
have
70%
if
70%
out
69%
wrinkle
69%
you're
69%
Verse 2You're
69%
clue
67%
figure
67%
insecure
67%
meant
67%
way
67%
all
66%
good
66%
short
66%
trying
66%
or
65%
my
64%
can
63%
God
63%
listener
63%
night
63%
table
63%
tell?
63%
pint
61%
Thank
61%
answer
60%
Cause
60%
find
60%
get
60%
I'll
60%
yes
60%
jump
59%
unstable
59%
auspicious
58%
drunk
58%
breaks
57%
so
57%
toilet
57%
well
57%
brain
56%
tick
55%
guess
53%
leave
53%
Woah
53%
call
51%
makes
50%
Phone
47%
calls
45%
means
43%
under
43%
drink
39%
cab
37%
door
36%
dashing
35%
for
35%
front
35%
does
34%
dodge
33%
throw
33%
But
31%
catcalls
31%
claim
31%
drench
30%
number
27%
OutroForget
19%

Score Distribution

Percentile by Number Answered

Percent of People with Each Score

Your Score History

You have not taken this quiz